Govt. of
Madhya Pradesh

SBI PO Prelims & Mains 2025 (Record no. 68204)

MARC details
000 -LEADER
fixed length control field 00254nam a22001097a 4500
082 ## - DEWEY DECIMAL CLASSIFICATION NUMBER
Classification number 332
100 ## - MAIN ENTRY--AUTHOR NAME
Personal name Physics Wallah Pub.
245 ## - TITLE STATEMENT
Title SBI PO Prelims & Mains 2025
260 ## - PUBLICATION, DISTRIBUTION, ETC. (IMPRINT)
Place of publication Physics Wallah Pub.
650 ## - SUBJECT ADDED ENTRY--TOPICAL TERM
Topical Term Bank po
942 ## - ADDED ENTRY ELEMENTS (KOHA)
Koha item type Competitive Books
Holdings
Withdrawn status Lost status Damaged status Not for loan Home library Current library Date acquired Cost, normal purchase price Full call number Accession Number Price effective from Koha item type
        MACL MACL 26/09/2025 375.00 332 DPI003830 26/09/2025 Competitive Books